| 000 | 00579nam a2200205 u 4500 | ||
|---|---|---|---|
| 005 | 20231101063702.0 | ||
| 008 | 160210s2000 r 000 0 eng d | ||
| 020 | _a9709059882 | ||
| 035 | _aUPN01000208126 | ||
| 049 | _aF | ||
| 050 | 4 |
_aPQ7298.23 E4.8 _bP3.6 |
|
| 100 | 1 |
_aMendiola, Víctor Manuel, _d1954- _939906 |
|
| 245 | 1 | 0 |
_aPapel revolución / _cVíctor Manuel Mendiola. |
| 260 |
_aMéxico : _bCasa Juan Pablos : _bEdiciones Sin Nombre, _c2000. |
||
| 300 | _a31 p. | ||
| 440 | 0 | _aPoesía | |
| 650 | 4 |
_aPoesía mexicana _91273 |
|
| 905 | _aLibro | ||
| 999 |
_c180227 _d180227 |
||